|
|
|
|
| LEADER |
00639nta a2200157 i 4500 |
| 001 |
dipl25816 |
| 005 |
20130314083712.0 |
| 008 |
110908s2000 hu om 0|| zxx d |
| 040 |
|
|
|a SZTE Diploma Repozitórium
|b hun
|
| 041 |
|
|
|a zxx
|
| 100 |
1 |
|
|a Szikszai Csaba
|
| 245 |
1 |
2 |
|a A magyarországi privatizáció elmélete és gyakorlata, különös tekintettel az állami vagyonügynökség tevékenységére
|h [elektronikus dokumentum] /
|c Csaba Szikszai
|
| 260 |
|
|
|c 2000
|
| 650 |
|
4 |
|a Jogi és igazgatási tanulmányok
|
| 700 |
1 |
|
|a Andrássy Adél
|e ths
|
| 856 |
4 |
0 |
|u http://diploma.bibl.u-szeged.hu/id/eprint/25816/1/2000_szikszai_csaba.pdf
|z Dokumentum-elérés
|